书目信息 |
| 题名: |
有效的沟通技巧
|
|
| 作者: | 潘鸿生 编著 | |
| 分册: | ||
| 出版信息: | 北京 北京工业大学出版社 2017 |
|
| 页数: | 274页 | |
| 开本: | 24cm | |
| 丛书名: | ||
| 单 册: | ||
| 中图分类: | C912.11-49 , C912.11 | |
| 科图分类: | ||
| 主题词: | 人际关系学--通俗读物 | |
| 电子资源: | ||
| ISBN: | 978-7-5639-5528-2 | |
| 000 | 00891nam0 2200241 450 | |
| 001 | 288 | |
| 005 | 20180520210019.52 | |
| 010 | @a978-7-5639-5528-2@dCNY35.00 | |
| 100 | @a20170905d2017 em y0chiy50 ea | |
| 101 | 0 | @achi |
| 102 | @aCN@b110000 | |
| 105 | @ay z 000yy | |
| 200 | 1 | @a有效的沟通技巧@9you xiao de gou tong ji qiao@e别输在不会表达上@f潘鸿生编著 |
| 210 | @a北京@c北京工业大学出版社@d2017 | |
| 215 | @a274页@d24cm | |
| 330 | @a本书从如何与孩子沟通,进而培养出优秀的孩子,如何与爱人沟通,进而赢得爱人的心,如何沟通可以赢得别人的信任,如何真诚地与人沟通等方面向读者阐述了沟通的重要性,旨在提高读者的沟通能力。 | |
| 517 | 1 | @a别输在不会表达上@9bie shu zai bu hui biao da shang |
| 606 | 0 | @a人际关系学@j通俗读物 |
| 690 | @aC912.11-49@v5 | |
| 690 | @aC912.11@v4 | |
| 701 | 0 | @a潘鸿生@9pan hong sheng@4编著 |
| 801 | 0 | @aCN@b91MARC@c20170905 |
| 905 | @aMuseLib@dC912.11@e1310 | |
| 有效的沟通技巧:别输在不会表达上/潘鸿生编著.-北京:北京工业大学出版社,2017 |
| 274页;24cm |
| ISBN 978-7-5639-5528-2:CNY35.00 |
| 本书从如何与孩子沟通,进而培养出优秀的孩子,如何与爱人沟通,进而赢得爱人的心,如何沟通可以赢得别人的信任,如何真诚地与人沟通等方面向读者阐述了沟通的重要性,旨在提高读者的沟通能力。 |
| ● |
| 相关链接 |
|
|
|
|
正题名:有效的沟通技巧
索取号:C912.11/1310
 
预约/预借
| 序号 | 登录号 | 条形码 | 馆藏地/架位号 | 状态 | 备注 |
| 1 | 1101666 | 211016666 | 第一样本阅览室/ [索取号:C912.11/1310] | 在馆 | |
| 2 | 1101667 | 211016675 | 教育系资料室/ [索取号:C912.11/1310] | 在馆 | |
| 3 | 1101668 | 211016684 | 教育系资料室/ [索取号:C912.11/1310] | 在馆 | |
| 4 | 1101669 | 211016693 | 教育系资料室/ [索取号:C912.11/1310] | 在馆 | |
| 5 | 1101670 | 211016700 | 第一借阅区/ [索取号:C912.11/1310] | 在馆 | |
| 6 | 1101671 | 211016719 | 第一借阅区/ [索取号:C912.11/1310] | 在馆 |